000
00332nam a2200145Ia 4500
008
100122s9999 xx 000 0 und d
082
_b
59920
_a
910.4
100
_a
NIVEN CHRISTINE
245
_a
SOUTH INDIA
260
_b
LONELY PLANET
_c
1998
300
_a
688
630
_a
SOUTH INDIA
730
_a
SOUTH INDIA
942
_c
BOOK
999
_c
377785
_d
377782